00379nam a2200145Ia 4500008004100000020001800041041000800059082001500067100002100082245003500103260002500138300000800163365001600171700004600187230718s9999 xx 000 0 und d a9780007490547 aeng a248.4bCHR aChristensen C.M. aHow Will You Measure Your Life c2012bHarper Collins a221 cRs.b399.00 aChristensen C.M.; Allworth J. & Dillon K.